| 000 | 00819cam a2200253 4500 | ||
|---|---|---|---|
| 001 | 1660412 | ||
| 003 | ARRUPE | ||
| 005 | 20131111122534.0 | ||
| 008 | 810112r1967 fr 000 0 fre | ||
| 010 | _a 68098475 | ||
| 015 | _aF68-4107 | ||
| 035 | _a(OCoLC)ocm07056685 | ||
| 035 | _a(NNC)1660412 | ||
| 040 |
_aDLC _cCLE _dOCL _dZCU |
||
| 050 |
_aPQ2631.A26 _bS4 1967 |
||
| 100 | 1 |
_aPagnol, Marcel, _d1895-1974. _93533 |
|
| 245 | 1 | 4 |
_aLes Sermons de Marcel Pagnol ... _c[Choisis et présentés par le P. Norbert Calmels, prémontré.] |
| 260 |
_a[Le Jas du Revest Saint Martin, Basses-Alpes,] _bR. Morel, _c1967. |
||
| 300 |
_a125 p. _c20 cm. |
||
| 500 | _a"Extraits de ses films ou de ses œuvres théâtrales." | ||
| 700 | 1 |
_aCalmels, Norbert, _ecompiler. _93534 |
|
| 942 |
_2lcc _cMONOGRAPH |
||
| 999 |
_c118593 _d118593 |
||